| 000 | 00659nam a2200217 a 4500 | ||
|---|---|---|---|
| 001 | 000012753 | ||
| 005 | 20200929163052.0 | ||
| 008 | 091116s1974 mx a 001 p spa d | ||
| 040 |
_aDO-SdBNP _bspa _cBNPHU |
||
| 082 |
_a891.551 _bK45r, 1974 |
||
| 100 | 1 |
_aKhayyam, Omar, _d1048-1122 _929544 |
|
| 245 | 1 | 0 |
_aRubaiyat / _cOmar Khayyam. |
| 250 | _a3a ed. | ||
| 260 |
_aMéxico : _bB. Costa-Amic, _c1974. |
||
| 300 |
_a117, [8] : _bil. ; _c19 cm. |
||
| 490 | 1 |
_aLibros de ayer, de hoy y de siempre _v15 |
|
| 650 | 4 |
_aPoesía iraní _929545 |
|
| 650 | 4 |
_aLiteratura iranía _929546 |
|
| 830 | 0 |
_aLibros de ayer, de hoy y de siempre ; _v15 _929547 |
|
| 049 | _aBNGR | ||
| 999 |
_c12404 _d12404 |
||